000 00374nam a2200145Ia 4500
008 230917s9999||||xx |||||||||||||| ||und||
040 _e6009
_aMAIN
041 _aEnglish
082 _a327 M823P
100 _aMorgenthau, Hans J
245 0 _aImpasse of American foreign policy
260 _aChigago
_bUniversity of Chicago
_c1962
300 _axiii, 311 p.
942 _cBK
999 _c211441
_d211441